000 00964nam a22002537a 4500
005 20170124103014.0
010 _aA-934488
020 _c100.00
035 _aA-934488
037 _bCen Lib/Ret
040 _aDPL
_bHN
082 _a
_bकुलदी
100 _aकुलदीप
_9500
245 _aमाघी माँ /
_cकुलदीप
246 _aMaaghi maa /
_bby Kuldeep
260 _aनई दिल्ली
_bपीताम्बर प्रकाशन
_c1997
270 _bनई दिल्ली
_aबी-2/69, सफदरजंग एन्क्लेव
300 _a119पृ.
_c21सेमी (सजिल्द)
650 _a हिन्दी साहित्य
_958639
650 _a हिन्दी साहित्य -- उपन्यास
_946379
650 _aHindi literature
_958640
650 _aHindi literature -- Fiction
_958641
942 _2ddc
_cHN
_h
_mकुलदी
999 _c114844
_d114844